000 04209cam a22008177a 4500
003 CHAP
005 20220329135036.0
008 971013s r 00010 d
010 _a29989
011 _a30961
035 _a35073
040 _cCHAP
082 _a332.705
_bN32
110 _aNacional Financiera. México
_980005
245 0 _aInforme anual
260 _aMéxico, D. F. :
_bNacional Financiera,
_c19- .
300 _av.
500 _aLa biblioteca tiene : 1937-38, 1941-42, 1945-63, 1964, 1965, 1966, 1970-73, 1981, 1982, 1991, 1999
500 _aTít. var. : 1949-60, Asamblea general ordinaria de accionistas -- Tít. var. : 1999, Informe de actividades
590 _aBATCH-UPD
_b10
_c20130110
_lUCH01
_h0147
590 _aBATCH-UPD
_b10
_c20130110
_lUCH01
_h2114
590 _aBATCH-UPD
_b10
_c20130410
_lUCH01
_h1424
590 _aBATCH-UPD
_b10
_c20130914
_lUCH01
_h0532
590 _aCONVERSION
_b10
_c20130109
_lUCH01
_h1317
650 1 4 _aBancos y operaciones bancarias
_xAnuarios.
_99915
650 1 4 _aFinanzas
_xAnuarios
_xMéxico.
_940932
901 _aBK
942 _cLIBRO
949 _a332.705 N32
_bBC
_cBPA
_d-151007
_eBPA
_f1941
_h16342
_i35073
_si
949 _a332.705 N32
_bBC
_cBPA
_d-151008
_eBPA
_f1942
_h16343
_i35073
_si
949 _a332.705 N32
_bBC
_cBPA
_d-151009
_eBPA
_f1945
_h16344
_i35073
_si
949 _a332.705 N32
_bBC
_cBPA
_d-151010
_eBPA
_f1946
_h16345
_i35073
_si
949 _a332.705 N32
_bBC
_cBPA
_d-151011
_eBPA
_f1947
_h16346
_i35073
_si
949 _a332.705 N32
_bBC
_cBPA
_d-151012
_eBPA
_f1948
_h3197
_i35073
_si
949 _a332.705 N32
_bBC
_cBPA
_d-151013
_eBPA
_f1949
_h3198
_i35073
_si
949 _a332.705 N32
_bBC
_cBPA
_d-151014
_eBPA
_f1950
_h3199
_i35073
_si
949 _a332.705 N32
_bBC
_cBPA
_d-151015
_eBPA
_f1951
_h3200
_i35073
_si
949 _a332.705 N32
_bBC
_cBPA
_d-151016
_eBPA
_f1952
_h3201
_i35073
_si
949 _a332.705 N32
_bBC
_cBPA
_d-151017
_eBPA
_f1953
_h3202
_i35073
_si
949 _a332.705 N32
_bBC
_cBPA
_d-151018
_eBPA
_f1954
_h3203
_i35073
_si
949 _a332.705 N32
_bBC
_cBPA
_d-151019
_eBPA
_f1955
_h3204
_i35073
_si
949 _a332.705 N32
_bBC
_cBPA
_d-151020
_eBPA
_f1956
_h3205
_i35073
_si
949 _a332.705 N32
_bBC
_cBPA
_d-151021
_eBPA
_f1957
_h3206
_i35073
_si
949 _a332.705 N32
_bBC
_cBPA
_d-151022
_eBPA
_f1958
_h3207
_i35073
_si
949 _a332.705 N32
_bBC
_cBPA
_d-151023
_eBPA
_f1959
_h3208
_i35073
_si
949 _a332.705 N32
_bBC
_cBPA
_d-151024
_eBPA
_f1960
_h3209
_i35073
_si
949 _a332.705 N32
_bBC
_cBPA
_d-151025
_eBPA
_f1961
_h3210
_i35073
_si
949 _a332.705 N32
_bBC
_cBPA
_d-151026
_eBPA
_f1962
_h4480
_i35073
_si
949 _a332.705 N32
_bBC
_cBPA
_d-151027
_eBPA
_f1963
_h4481
_i35073
_si
949 _a332.705 N32
_bBC
_cBPA
_d-151028
_eBPA
_f1963 c.2
_h3217
_i35073
_si
949 _a332.705 N32
_bBC
_cBPA
_d-151032
_eBPA
_f1953 c.2
_i35073
_si
949 _a332.705 N32
_bBC
_cBPA
_d-151033
_eBPA
_f1956 c.2
_i35073
_si
949 _a332.705 N32
_bBC
_cBPA
_d-151034
_eBPA
_f1958 c.2
_h16342
_i35073
_si
949 _a332.705 N32
_bBC
_cBPA
_d-151035
_eBPA
_f1960 c.2
_i35073
_si
949 _a332.705 N32
_bBC
_cBPA
_d-151036
_eBPA
_f1960 c.3
_i35073
_si
949 _a332.705 N32
_bBC
_cBPA
_d-151037
_eBPA
_f1961 c.2
_i35073
_si
949 _a332.705 N32
_bBC
_cBPA
_d-151038
_eBPA
_f1965
_i35073
_si
949 _a332.705 N32
_bBC
_cBPP
_d-151005
_eBPP
_f1937
_h16340
_i35073
_si
949 _a332.705 N32
_bBC
_cBPP
_d-151006
_eBPP
_f1938
_h16341
_i35073
_si
949 _a332.705 N32
_bBC
_cC
_d-151031
_eC
_f1980
_i35073
_si
949 _a332.705 N32
_bBC
_cC
_d-81143
_eC
_f1991
_h84151
_i35073
_si
949 _a332.705 N32
_bBC
_cC
_d33724000396735
_eC
_f1970-73
_h40495
_i35073
_si
949 _a332.705 N32
_bBC
_cC
_d33724000507471
_eC
_f1966
_h15231
_i35073
_si
949 _a332.705 N32
_bBC
_cC
_d33724000509345
_eC
_f1964
_h32509
_i35073
_si
949 _a332.705 N32
_bBC
_cC
_d33724000532958
_eC
_f1981
_h57775
_i35073
_si
949 _a332.705 N32
_bBC
_cC
_d33724000532966
_eC
_f1970-73 c.2
_h40540
_i35073
_sb
949 _a332.705 N32
_bBC
_cC
_d33724000532982
_eC
_f1991c.2
_h84151
_i35073
_si
949 _a332.705 N32
_bBC
_cC
_d33724000532990
_eC
_f1982
_h60805
_i35073
_si
949 _a332.705 N32
_bBC
_cC
_d33724000846812
_eC
_f1999
_gDonaciØn
_h102115
_i35073
_sb
949 _a332.705 N32
_bBC
_cC
_d33724000911822
_eC
_f1969
_h16587
_i35073
_si
999 _c29989
_d29989